El hombre, el Estado y el sistema: la diplomacia en la era ideológica, 1939-1989

সংরক্ষণ করুন:
গ্রন্থ-পঞ্জীর বিবরন
প্রধান লেখক: Salazar Sparks, Juan (Author)
বিন্যাস: গ্রন্থ
ভাষা:স্প্যানিশ
প্রকাশিত: Santiago Ediciones Universidad FinisTerrae 2018
সংস্করন:1a. ed
বিষয়গুলি:
ট্যাগগুলো: ট্যাগ যুক্ত করুন
কোনো ট্যাগ নেই, প্রথমজন হিসাবে ট্যাগ করুন!

MARC

LEADER 00000cam a2200000 a 4500
001 UCC7432
003 CL-VaPUC
008 190329e20180000cl |||||||||||||||||spa|d
020 |a 9789563910018v.2 t.1 
082 0 4 |a 341.33  |b SAL  |2 21 
100 0 |a Salazar Sparks, Juan  |e author  |9 602035 
245 1 3 |a El hombre, el Estado y el sistema: la diplomacia en la era ideológica, 1939-1989 
250 |a 1a. ed 
300 |a v 
942 |c BK 
945 |d 20190329 16:06:00  |a dcastane 
260 |a Santiago  |b Ediciones Universidad FinisTerrae  |c 2018 
650 0 |a Diplomacia  |9 256483 
650 0 |a Derecho internacional  |9 255637 
650 0 |a Tratados internacionales   |9 256056 
650 0 |a Imperialismo  |9 258264 
650 0 |a Colonialismo  |9 316469 
650 0 |a Liberalismo  |9 255715 
583 |a last modification  |c 20190329 16:06:00  |k Rodrigo Vera 
999 |c 374069  |d 374067 
952 |0 0  |1 0  |3 erb  |4 0  |6 341_330000000000000_SAL_2018  |7 0  |8 A  |9 492428  |a BIBDER  |b BIBDER  |h v.2 t.1  |i 5539048  |o 341.33 SAL 2018  |p 5539048  |r 2023-01-25  |w 2019-11-24  |y BK  |z Catalogado en:20190329  |k DER